| 000 | 00449nam a2200157Ia 4500 | ||
|---|---|---|---|
| 999 |
_c7647 _d7647 |
||
| 003 | OSt | ||
| 005 | 20200123144721.0 | ||
| 008 | 190216s9999||||xx |||||||||||||| ||und|| | ||
| 040 | _coclc | ||
| 082 |
_a650.1 _bSAL/T |
||
| 100 |
_aSalome J, Jacinth _91355 |
||
| 245 | 0 |
_aTime Management / _cJacinth Salome J |
|
| 260 |
_bMannora Publications, _c2007. _aChennai: |
||
| 300 | _a115p | ||
| 942 |
_cBK _2ddc _h650.1 _iSAL/T _k650.1 _mSAL/T |
||